000 00731nam a22002297a 4500
005 20170124105919.0
010 _aA-943629
020 _a818692101
_c00.00
035 _aA-943629
037 _bCen Lib/Ret
040 _aDPL
_bEN
082 _a307.772
_bDAS
100 _aDash, Gaganendra Nath
_987506
245 _aHindus and tribals :
_bSocial dynamics in medieval Orissa /
_cby Gaganendra Nath Dash
260 _aNew Delhi
_bDecent Books
_c1998
270 _aD-36/A-1, Mohan Garden
_bNew Delhi
_e110059
300 _axiv,140p. :
_c21cm
500 _aIncludes bibliography reference and appendix
650 _aReligion Hindu
_987507
650 _aCast system-India
_91540
942 _2ddc
_cEN
_h307.772
_mDAS
999 _c123047
_d123047